Statistics for Dallas Mavericks 2010's Starters

Click here to take the quiz!

General Stats

  • This quiz has been taken 670 times
    (586 since last reset)
  • The average score is 10 of 27

Answer Stats

PlayerStarts% Correct
Dirk Nowitzki9
99%
Luka Dončić1
97%
Jason Kidd3
90%
Tyson Chandler2
78%
Shawn Marion4
68%
Dennis Smith Jr1
55%
Harrison Barnes3
42%
Monta Ellis2
38%
Maxi Kleber1
36%
DeAndre Jordan1
35%
Deron Williams2
34%
Vince Carter1
32%
Jalen Brunson1
31%
Wesley Matthews4
30%
DeShawn Stevenson1
28%
Rajon Rondo1
27%
Chandler Parsons2
26%
Caron Butler2
25%
Seth Curry1
25%
Erick Dampier1
18%
Jose Calderon1
16%
Brendan Haywood1
15%
Samuel Dalembert1
15%
Zaza Pachulia1
13%
Darren Collison1
12%
O.J. Mayo1
12%
Chris Kaman1
9%

Score Distribution

Percentile by Number Answered

Percent of People with Each Score

Your Score History

You have not taken this quiz since the last reset